Embracing and managing change in tourism, nternational case studies /

Saved in:
Bibliographic Details
Other Authors: Laws, Eric 1945- (Editor), Faulkner, Bill (Editor), Moscardo, Gianna (Editor)
Format: Book
Language:English
Published: London : Routledge, 1998
Subjects:
Tags: Add Tag
No Tags, Be the first to tag this record!

MARC

LEADER 00000nam a2200000 i 4500
001 1/99988
008 000128s1998 eng d
020 |a 0-415-15998-9 
035 |l 10057098 
040 |a GR-MY-UA  |b gre  |e aacr 
041 0 |a eng 
082 0 |a 338.4791 
245 1 0 |a Embracing and managing change in tourism,  |p nternational case studies /  |c edited by Eric Laws, Bill Faulkner and Gianna Moscardo 
260 |a London :   |b Routledge,   |c 1998 
300 |a xxxii, 433 p. 
504 |a Includes bibliographical references and index 
650 0 0 |a Tourism. 
700 1 |a Laws, Eric  |d 1945-  |4 edt 
700 1 |a Faulkner, Bill.  |4 edt 
700 1 |a Moscardo, Gianna.  |4 edt 
852 |a INST  |b CHIOS  |e 20000128  |h 338.4791 EMB  |p 005200019078  |q 005200019078  |t BK  |y 0 
901 |a BIBL2-2000-1 
909 |a Χ  |b 072572 
922 |a 2ΕΛΗ  |b 199912  |c ΤΔΕ  |d ΠΑΠΑΣΩΤΗΡΙΟΥ 
950 |a 112-1999-11-11 
970 |a ΣΠΕΝΤΖΑ  |b ΕΛΕΝΗ  |z 2000/03/16